000 00597nam a2200181Ia 4500
008 090124s9999 xx 000 0 und d
082 _b123027
100 _aबाविस्कर भाऊ
245 _a विस्तवाशी खेळायचय मला
250 _a1
260 _c1988
300 _a210
600 _aबाविस्कर भाऊ
630 _a विस्तवाशी खेळायचय मला
700 _aबाविस्कर भाऊ
730 _a विस्तवाशी खेळायचय मला
942 _cBOOK
999 _c169113
_d169113